| 000 | 01063nam a2200277 a 4500 | ||
|---|---|---|---|
| 003 | CBULib | ||
| 005 | 20250522100405.0 | ||
| 008 | 220715s1993 ||||||||||||||||| || u | ||
| 040 |
_aCBULib _bEnglish _cCBULib _erda |
||
| 041 | _aeng | ||
| 050 | _aCBU(02)1993/1 | ||
| 110 |
_91351 _aThe Copperbelt University(CBU) |
||
| 245 | 1 | 0 |
_aSpecial ceremony for the installation of the Chancellor : Mr Fwanyanga M Mulikita, BA (Rhodes), MA(Stanford), ICS (London) and second graduation ceremony : Saturday, 24th April, 1993 _c/ by The Copperbelt University(CBU) |
| 260 |
_aKitwe : _bCopperbelt University, _c1993. |
||
| 300 | _a[various pages] | ||
| 336 |
_2rdacontent _aText | _btxt |
||
| 337 |
_2rdamedia _aUnmediated | _bn |
||
| 338 |
_2rdacarrier _aVolume _bnc |
||
| 650 | _aGRADUATION SPEECHES | ||
| 650 | _aGRADUATION CEREMONIES | ||
| 650 | _aMULIKITA, FWANYANGA M. (FWANYANGA MATALE), 1928-1998 | ||
| 710 | _aCopperbelt University | ||
| 942 |
_2mc _c030 |
||
| 999 |
_c58059 _d58059 |
||